Gestión y minimización de residuos

-д хадгалсан:
Номзүйн дэлгэрэнгүй
Үндсэн зохиолчид: Ferrando Sánchez, Miguel (Зохиогч), Granero Castro, Javier (Зохиогч)
Формат: Ном
Хэл сонгох:испани
Хэвлэсэн: Madrid Fundación Confemetal 2011
Хэвлэл:2a. ed
Нөхцлүүд:
Шошгууд: Шошго нэмэх
Шошго байхгүй, Энэхүү баримтыг шошголох эхний хүн болох!

MARC

LEADER 00000cam a2200000 a 4500
001 UCG8956
003 CL-VaPUC
008 120120e20110000SP |||||||||||||||||spa|d
020 |a 9788492735679 
082 0 4 |a 628.4  |b FER  |2 21 
100 0 |a Ferrando Sánchez, Miguel  |e author  |9 560255 
700 0 |a Granero Castro, Javier  |e author  |9 560256 
245 1 0 |a Gestión y minimización de residuos 
250 |a 2a. ed 
300 |a 251 p 
942 |c BK 
945 |d 20120120 00:00:00  |a cmena 
260 |a Madrid  |b Fundación Confemetal  |c 2011 
650 0 |a Tratamiento de residuos  |9 262890 
650 0 |a Gestión ambiental   |9 338121 
650 7 |a RESIDUOS PELIGROSOS  |2 CL-VaPUC  |9 559460 
650 7 |a CONTAMINACION INDUSTRIAL  |2 CL-VaPUC  |9 261690 
583 |a last modification  |c 20120120 10:38:00  |k Rodrigo Vera 
999 |c 346542  |d 346540 
952 |0 0  |1 0  |4 0  |6 628_400000000000000_FER_2011  |7 0  |8 A  |9 447276  |a BIBING  |b BIBING  |d 2019-11-22  |i 4834577  |o 628.4 FER 2011  |p 4834577  |r 2025-01-20  |w 2019-11-22  |y BK  |k CCL